[Event "Titled Tuesday intern op 16th Apr Late"]
[Site "Chess.com INT"]
[Date "2024.04.16"]
[Round "9"]
[White "Ruperez Benito, Antonio"]
[Black "Lin, Dachey"]
[Result "1-0"]
[WhiteElo "2333"]
[BlackElo "2303"]
[PlyCount "119"]
[EventDate "2024.04.16"]
[EventType "swiss (blitz)"]
[EventRounds "11"]
[EventCountry "USA"]
[SourceTitle "CB17_2024"]
[SourceDate "2024.04.24"]
[SourceVersion "1"]
[SourceVersionDate "2024.04.24"]
[SourceQuality "1"]

1. e4 e6 2. b3 a6 3. d4 d5 4. e5 c5 5. c3 Bd7 6. Nf3 Bb5 7. c4 dxc4 8. bxc4 Bc6 9. Bb2 cxd4 10. Nxd4 Bb4+ 11. Ke2 Qh4 12. Nc3 Ne7 13. a3 Bc5 14. Nxc6 Nbxc6 15. g3 Qxc4+ 16. Ke1 Qd4 17. Qxd4 Nxd4 18. Rd1 0-0-0 19. Bg2 Nc2+ 20. Ke2 Nxa3 21. Ne4 Bb4 22. Nd6+ Kb8 23. Nxb7 Rxd1 24. Rxd1 Rc8 25. Be4 Nd5 26. Nd6 Rc7 27. Bxa3 Nc3+ 28. Kd3 Nxd1 29. Bxb4 Nxf2+ 30. Ke3 Nxe4 31. Kxe4 Ka7 32. Ba5 Rd7 33. h4 f5+ 34. Kd4 g6 35. Kc5 Rg7 36. Kc6 g5 37. h5 f4 38. g4 f3 39. Ne4 h6 40. Bb6+ Kb8 41. Kd6 Rb7 42. Bc5 a5 43. Kxe6 a4 44. Kf6 Kc7 45. e6 Kc6 46. e7 Rb8 47. Ba3 Kd5 48. Nf2 Kc4 49. Kf7 Kb3 50. Bd6 a3 51. Bxa3 Kxa3 52. e8Q Rxe8 53. Kxe8 Kb4 54. Kf7 Kc5 55. Kg6 Kd4 56. Kxh6 Ke3 57. Nh3 Ke2 58. Kxg5 Kf1 59. Kh4 Kg2 60. h6 1-0

[Event "Titled Tuesday intern op 16th Apr Late"]
[Site "Chess.com INT"]
[Date "2024.04.16"]
[Round "8"]
[White "Venkatesh, Narayan"]
[Black "Ruperez Benito, Antonio"]
[Result "0-1"]
[WhiteElo "2033"]
[BlackElo "2333"]
[PlyCount "166"]
[EventDate "2024.04.16"]
[EventType "swiss (blitz)"]
[EventRounds "11"]
[EventCountry "USA"]
[SourceTitle "CB17_2024"]
[SourceDate "2024.04.24"]
[SourceVersion "1"]
[SourceVersionDate "2024.04.24"]
[SourceQuality "1"]

1. d4 e6 2. c4 Nf6 3. Nc3 d5 4. cxd5 exd5 5. Bg5 c6 6. Qc2 Be7 7. e3 Nbd7 8. Bd3 Nh5 9. Bxe7 Qxe7 10. Nge2 Nb6 11. 0-0 g6 12. a4 a5 13. Rfb1 0-0 14. Qb3 Qb4 15. Qxb4 axb4 16. Na2 Rxa4 17. Bc2 b3 18. Bxb3 Ra8 19. Nac3 Bf5 20. Rc1 Nf6 21. f3 h5 22. h4 Bd3 23. Nf4 Bc4 24. Bc2 Rfe8 25. Kf2 Kg7 26. b3 Ba6 27. Ra5 Re7 28. Rca1 Rae8 29. Nd1 Nc8 30. R1a3 Nd6 31. Bd3 Bb5 32. Bxb5 Nxb5 33. Ra2 Nd7 34. Nd3 Nf8 35. Nb4 Rd7 36. Rc2 Ne6 37. Nb2 f6 38. N2d3 g5 39. hxg5 fxg5 40. Ne5 Rd6 41. Nbd3 h4 42. Ra1 Rdd8 43. Rg1 Ra8 44. g3 h3 45. Rh1 Rh8 46. g4 Ra3 47. Rb2 Rha8 48. Kg3 Ra2 49. Rhh2 Rxb2 50. Rxb2 Ra1 51. Kxh3 Rd1 52. Rc2 Rb1 53. Rb2 Rd1 54. Kg3 Kf6 55. Kf2 Ke7 56. Ke2 Nc3+ 57. Kf2 Nb5 58. Rc2 Rb1 59. Nc1 Kd6 60. Ned3 Ra1 61. Ra2 Rb1 62. Ke2 Nc3+ 63. Kd2 Nxa2 64. Nxa2 Rh1 65. Nc3 Rh2+ 66. Ne2 b6 67. f4 gxf4 68. exf4 Nxd4 69. Ndc1 Nxe2 70. Nxe2 c5 71. g5 Rh3 72. f5 Rxb3 73. f6 Ke6 74. Kc2 Rf3 75. Kd2 Rf5 76. Ng3 Rxg5 77. Ne2 Rg2 78. Ke3 Rxe2+ 79. Kxe2 Kxf6 80. Kd3 Ke5 81. Kc3 d4+ 82. Kb3 Ke4 83. Kc4 d3 0-1

[Event "Titled Tuesday intern op 02nd Apr Early"]
[Site "Chess.com INT"]
[Date "2024.04.02"]
[Round "7"]
[White "King, Alexander B"]
[Black "Ruperez Benito, Antonio"]
[Result "0-1"]
[WhiteElo "2263"]
[BlackElo "2333"]
[PlyCount "124"]
[EventDate "2024.04.02"]
[EventType "swiss (blitz)"]
[EventRounds "11"]
[EventCountry "USA"]
[SourceTitle "CB15_2024"]
[SourceDate "2024.04.10"]
[SourceVersion "1"]
[SourceVersionDate "2024.04.10"]
[SourceQuality "1"]

1. c4 e6 2. g3 d5 3. Bg2 Nf6 4. Nf3 Be7 5. d4 0-0 6. Nc3 c6 7. 0-0 b6 8. Ne5 Ba6 9. e4 dxc4 10. Re1 b5 11. b3 b4 12. Na4 c3 13. a3 Nfd7 14. Nf3 Nb6 15. Nc5 bxa3 16. Bxa3 Bb5 17. Qc2 a5 18. Qxc3 a4 19. bxa4 Nxa4 20. Nxa4 Rxa4 21. Bxe7 Qxe7 22. Rxa4 Bxa4 23. Ne5 f6 24. Nd3 Nd7 25. Rc1 Bb5 26. h4 Rd8 27. Nb4 Nb6 28. Nxc6 Bxc6 29. Qxc6 Rc8 30. Qxc8+ Nxc8 31. Rxc8+ Kf7 32. Bh3 Qd6 33. Rc4 h5 34. Ra4 Kg6 35. Kg2 Qc6 36. Rb4 Qxe4+ 37. Kh2 Qe2 38. Bg2 Qxf2 39. d5 exd5 40. Rf4 Qd2 41. Rf3 d4 42. Kg1 d3 43. Bf1 Qe1 44. Rxd3 Kf5 45. Rf3+ Kg4 46. Rd3 Qe5 47. Kg2 Qe4+ 48. Kh2 Kf5 49. Bh3+ Kg6 50. Bf1 Kh6 51. Kg1 g5 52. Kf2 gxh4 53. gxh4 Qxh4+ 54. Kg2 f5 55. Rh3 Qe4+ 56. Kg1 f4 57. Bg2 Qe1+ 58. Kh2 Kg5 59. Bf3 h4 60. Kg2 Qd2+ 61. Kh1 Qe1+ 62. Kg2 Qc1 0-1

[Event "Titled Tuesday intern op 02nd Apr Early"]
[Site "Chess.com INT"]
[Date "2024.04.02"]
[Round "9"]
[White "Ruperez Benito, Antonio"]
[Black "Domingo Nunez, Ruben"]
[Result "1-0"]
[WhiteElo "2333"]
[BlackElo "2442"]
[PlyCount "147"]
[EventDate "2024.04.02"]
[EventType "swiss (blitz)"]
[EventRounds "11"]
[EventCountry "USA"]
[SourceTitle "CB15_2024"]
[SourceDate "2024.04.10"]
[SourceVersion "1"]
[SourceVersionDate "2024.04.10"]
[SourceQuality "1"]

1. e4 g6 2. d4 Nf6 3. Nf3 Nxe4 4. Bd3 Nf6 5. 0-0 Bg7 6. c4 0-0 7. Nc3 d6 8. h3 c5 9. d5 e5 10. dxe6 fxe6 11. Re1 Nc6 12. Ng5 Nd4 13. Ne2 e5 14. Nc3 Bf5 15. Nge4 Nxe4 16. Bxe4 Rb8 17. a4 Qd7 18. a5 Qf7 19. Bd5 Be6 20. Be3 Bxd5 21. Nxd5 b5 22. axb6 axb6 23. Ra6 b5 24. Rxd6 bxc4 25. Qa4 Rxb2 26. Rd7 Qe6 27. Qxc4 Kh8 28. Qa4 Nc2 29. Qa7 Rg8 30. Bh6 Qxd7 31. Qxd7 Bxh6 32. Re2 Rb1+ 33. Kh2 Nd4 34. Rxe5 Nf5 35. Nf6 Bg7 36. Re6 Rf8 37. Ne8 Rb8 38. Nxg7 Nxg7 39. Re7 Rbd8 40. Qc7 Rc8 41. Qe5 Rg8 42. h4 c4 43. Qc3 h6 44. Re4 Kh7 45. Rxc4 Rcf8 46. Rc7 Rxf2 47. Qd3 Rf4 48. g3 Rf5 49. Kh3 Re5 50. Rc6 Nf5 51. Rc7+ Ng7 52. Rd7 Re6 53. h5 Kh8 54. hxg6 Rf6 55. Kh4 Re8 56. g4 Kg8 57. Rxg7+ Kxg7 58. Qd7+ Kf8 59. g7+ Kg8 60. Qxe8+ Kxg7 61. Qe7+ Rf7 62. Qe6 Rf6 63. Qe5 Kf7 64. Kh5 Rg6 65. Qf5+ Rf6 66. Qh7+ Ke6 67. Qxh6 Rxh6+ 68. Kxh6 Kf7 69. g5 Kg8 70. Kg6 Kf8 71. Kh7 Kf7 72. g6+ Ke7 73. g7 Kd6 74. g8Q 1-0

[Event "Titled Tuesday intern op 02nd Apr Early"]
[Site "Chess.com INT"]
[Date "2024.04.02"]
[Round "3"]
[White "Ruperez Benito, Antonio"]
[Black "Zou, Chen"]
[Result "0-1"]
[WhiteElo "2333"]
[BlackElo "2449"]
[PlyCount "116"]
[EventDate "2024.04.02"]
[EventType "swiss (blitz)"]
[EventRounds "11"]
[EventCountry "USA"]
[SourceTitle "CB15_2024"]
[SourceDate "2024.04.10"]
[SourceVersion "1"]
[SourceVersionDate "2024.04.10"]
[SourceQuality "1"]

1. e4 c6 2. Nc3 d5 3. Nf3 dxe4 4. Nxe4 Nf6 5. Qe2 Nxe4 6. Qxe4 Be6 7. b3 Nd7 8. Bb2 Nf6 9. Qh4 g6 10. Ng5 Qd7 11. 0-0-0 Bg7 12. Nxe6 Qxe6 13. Bc4 Qd7 14. Rhe1 0-0 15. Qd4 Qc7 16. Qe5 Qxe5 17. Bxe5 e6 18. a4 Nd7 19. Bxg7 Kxg7 20. d4 Rfe8 21. f4 Rad8 22. Rd3 Nf6 23. Red1 Rd6 24. h3 Red8 25. Kb2 Ne4 26. Re3 Nf6 27. Red3 h6 28. c3 Ne4 29. Re1 Nf6 30. Red1 Kf8 31. Re1 Ke7 32. Rde3 a5 33. g4 Nd5 34. Rf3 Kf6 35. Re5 b6 36. h4 Ne7 37. h5 Kg7 38. hxg6 Nxg6 39. Rh5 Ne7 40. Rfh3 Ng8 41. g5 hxg5 42. fxg5 c5 43. Bd3 cxd4 44. Rh7+ Kf8 45. Rf3 dxc3+ 46. Kxc3 R8d7 47. g6 f5 48. Rfh3 Rc6+ 49. Bc4 Rg7 50. Rd3 Rc8 51. Kb2 Rxg6 52. Rdd7 Rf6 53. Rh8 f4 54. Bd3 Rf7 55. Rxf7+ Kxf7 56. Rh7+ Kf6 57. Rh4 e5 58. Rh5 Ne7 0-1

[Event "ESP-ch Rapid"]
[Site "Linares"]
[Date "2023.08.19"]
[Round "3"]
[White "Ruperez Benito, Antonio"]
[Black "Sanchez Aguilar, Arnau"]
[Result "1-0"]
[WhiteElo "2303"]
[BlackElo "1995"]
[PlyCount "103"]
[EventDate "2023.08.19"]
[EventType "swiss (rapid)"]
[EventRounds "10"]
[EventCountry "ESP"]
[SourceTitle "CBM 215 Extra"]
[Source "ChessBase"]
[SourceDate "2023.09.30"]
[SourceVersion "1"]
[SourceVersionDate "2023.09.30"]
[SourceQuality "1"]

1. e4 Nc6 2. Nf3 e5 3. Bc4 Nf6 4. d3 Be7 5. 0-0 d6 6. a4 h6 7. Nc3 g5 8. Be3 g4 9. Nd2 h5 10. f3 g3 11. hxg3 h4 12. gxh4 Nh5 13. g4 Bxh4 14. Kg2 Bg5 15. Bxg5 Qxg5 16. Rh1 Nf4+ 17. Kg3 Rg8 18. Bb5 Bd7 19. Bxc6 bxc6 20. Nf1 0-0-0 21. Ne3 d5 22. Ng2 d4 23. Ne2 Bxg4 24. Nexf4 exf4+ 25. Kf2 Bh3 26. Ne1 Qh4+ 27. Ke2 Rg3 28. Qd2 Rdg8 29. Kd1 Rg1 30. Rxg1 Rxg1 31. c3 dxc3 32. bxc3 Bg2 33. Kc2 Qh1 34. Qxf4 Bxf3 35. Qf5+ Kd8 36. Rb1 Bd1+ 37. Kd2 Qh2+ 38. Kxd1 Qg3 39. Qf6+ Kd7 40. Qf5+ Kd8 41. Kd2 Qh2+ 42. Ke3 Qg3+ 43. Ke2 Qh2+ 44. Qf2 Qh5+ 45. Kd2 Rh1 46. Rb8+ Ke7 47. Nf3 Qh6+ 48. Qe3 Rd1+ 49. Ke2 Qh1 50. Qg5+ Kd6 51. Rd8+ Ke6 52. Qe5# 1-0

[Event "FRA-chT Top 16 GpB"]
[Site "Chartres"]
[Date "2023.06.04"]
[Round "4.3"]
[White "Ruperez Benito, Antonio"]
[Black "Barbot, Pierre"]
[Result "1/2-1/2"]
[WhiteElo "2307"]
[BlackElo "2458"]
[PlyCount "26"]
[EventDate "2023.06.01"]
[EventType "team-tourn"]
[EventRounds "7"]
[EventCountry "FRA"]
[SourceTitle "CBM 214 Extra"]
[Source "ChessBase"]
[SourceDate "2023.07.31"]
[SourceVersion "1"]
[SourceVersionDate "2023.07.31"]
[SourceQuality "1"]
[WhiteTeam "Marseille"]
[BlackTeam "Grasse Echecs"]
[WhiteTeamCountry "FRA"]
[BlackTeamCountry "FRA"]

1. e4 e5 2. Nf3 Nc6 3. Bc4 Bc5 4. c3 Nf6 5. d3 0-0 6. 0-0 d5 7. exd5 Nxd5 8. a4 Nb6 9. Bb5 Ne7 10. a5 c6 11. axb6 cxb5 12. Rxa7 Rxa7 13. bxa7 Bxa7 1/2-1/2

[Event "Titled Tuesday intern op 04th Apr Early"]
[Site "Chess.com INT"]
[Date "2023.04.04"]
[Round "6"]
[White "Ruperez Benito, Antonio"]
[Black "Postlmayer, Jakob"]
[Result "1/2-1/2"]
[WhiteElo "2307"]
[BlackElo "2341"]
[PlyCount "125"]
[EventDate "2023.04.04"]
[EventType "swiss (blitz)"]
[EventRounds "11"]
[EventCountry "USA"]
[SourceTitle "EXT 2024"]
[Source "ChessBase"]
[SourceDate "2023.10.10"]
[SourceVersion "1"]
[SourceVersionDate "2023.10.10"]
[SourceQuality "1"]

1. e4 e5 2. Nf3 Nf6 3. Nxe5 d6 4. Nf3 Nxe4 5. Nc3 Nxc3 6. dxc3 Be7 7. Bd3 Nd7 8. Bf4 Nc5 9. Qd2 0-0 10. 0-0-0 Be6 11. Kb1 Nxd3 12. Qxd3 Qd7 13. h4 Qa4 14. Nd4 Qxa2+ 15. Kc1 c5 16. Nxe6 fxe6 17. Be3 d5 18. Qb5 Qa1+ 19. Kd2 Qa6 20. Qxa6 bxa6 21. Ra1 e5 22. f3 d4 23. Bf2 Rf6 24. Rhe1 Re6 25. cxd4 cxd4 26. Kd3 Kf7 27. Re4 Rb8 28. b3 Rc8 29. Be1 Bf6 30. Bd2 Rec6 31. Ra2 h5 32. g4 hxg4 33. fxg4 Bxh4 34. Rxe5 Bf6 35. Rea5 R8c7 36. Rxa6 Rxa6 37. Rxa6 Rd7 38. g5 Be5 39. g6+ Ke8 40. Re6+ Re7 41. Rxe7+ Kxe7 42. Bg5+ Ke6 43. Ke4 a6 44. Bh4 Kd6 45. Bf2 Ke6 46. Bxd4 Bxd4 47. Kxd4 Kf5 48. c4 Kxg6 49. Kd5 Kf7 50. Kd6 Ke8 51. Kc7 g5 52. c5 g4 53. c6 g3 54. Kb7 g2 55. c7 g1Q 56. c8Q+ Ke7 57. Qc7+ Ke8 58. Qc6+ Ke7 59. Qxa6 Qg2+ 60. Kb8 Qg3+ 61. Ka8 Qxb3 62. Qb7+ Qxb7+ 63. Kxb7 1/2-1/2

[Event "Titled Tuesday intern op 10th Jan Late"]
[Site "Chess.com INT"]
[Date "2023.01.10"]
[Round "6"]
[White "Ruperez Benito, Antonio"]
[Black "Hoffmann, Asa"]
[Result "0-1"]
[WhiteElo "2315"]
[BlackElo "2185"]
[PlyCount "64"]
[EventDate "2023.01.10"]
[EventType "swiss (blitz)"]
[EventRounds "11"]
[EventCountry "USA"]
[SourceTitle "EXT 2024"]
[Source "ChessBase"]
[SourceDate "2023.10.10"]
[SourceVersion "1"]
[SourceVersionDate "2023.10.10"]
[SourceQuality "1"]

1. e4 d6 2. d4 Nf6 3. Nc3 c6 4. Nf3 Bg4 5. h3 Bh5 6. g4 Bg6 7. e5 dxe5 8. Nxe5 e6 9. h4 Bb4 10. h5 Be4 11. f3 Bd5 12. h6 g6 13. Bg5 Be7 14. Nxd5 cxd5 15. Bb5+ Nfd7 16. Bxe7 Qxe7 17. Qd2 a6 18. Bxd7+ Nxd7 19. f4 0-0-0 20. 0-0-0 Kb8 21. Rhe1 Rc8 22. Kb1 Nxe5 23. fxe5 Rc6 24. Rf1 Rhc8 25. Rf6 R8c7 26. Rdf1 Qe8 27. c3 Re7 28. Qg5 Rcc7 29. R6f2 Qb5 30. Qf6 Ka7 31. Qh8 Rxc3 32. Qxh7 Rec7 0-1

[Event "Titled Tuesday intern op 22 Mar Early"]
[Site "Chess.com INT"]
[Date "2022.03.22"]
[Round "3"]
[White "Ruperez Benito, Antonio"]
[Black "Mikhnenko, Alexander"]
[Result "0-1"]
[WhiteElo "2338"]
[BlackElo "2095"]
[PlyCount "116"]
[EventDate "2022.03.22"]
[EventType "swiss (blitz)"]
[EventRounds "11"]
[EventCountry "USA"]
[SourceTitle "CBM 207 Extra"]
[Source "ChessBase"]
[SourceDate "2022.05.31"]
[SourceVersion "1"]
[SourceVersionDate "2022.05.31"]
[SourceQuality "1"]

1. e4 c5 2. Nf3 e6 3. d4 cxd4 4. Nxd4 Qb6 5. Nc3 Bc5 6. Nce2 e5 7. c3 exd4 8. cxd4 Bb4+ 9. Nc3 Nf6 10. Bd3 Qxd4 11. 0-0 Bxc3 12. bxc3 Qxc3 13. Rb1 Qc7 14. e5 Nd5 15. Qg4 g6 16. Qf3 Ne7 17. Qf6 Rf8 18. Ba3 Nbc6 19. Rfe1 b6 20. Rbd1 Bb7 21. Bc4 a5 22. Qg7 Nb4 23. Bf1 Qd8 24. Qf6 Nf5 25. Bb5 Qxf6 26. exf6+ Kd8 27. Bb2 Bc6 28. Bxc6 Nxc6 29. Ba3 Re8 30. Rxe8+ Kxe8 31. Re1+ Kd8 32. g4 Nfd4 33. Kg2 Kc7 34. Be7 b5 35. g5 d6 36. Rd1 Kd7 37. f4 Nf5 38. Kf3 d5 39. Rxd5+ Kc7 40. Rc5 Rc8 41. h3 Kd7 42. Rd5+ Ke8 43. Rxb5 Ncd4+ 44. Ke4 Nxb5 45. a4 Nxe7 46. axb5 Nc6 47. bxc6 Rxc6 48. Kd5 Rc8 49. f5 a4 50. fxg6 fxg6 51. h4 Kf7 52. Kd6 Rc1 53. Kd7 a3 54. h5 a2 55. hxg6+ hxg6 56. Kd6 a1Q 57. Kd5 Re1 58. Kc4 Qd1 0-1

[Event "Titled Tuesday intern op 22 Mar Early"]
[Site "Chess.com INT"]
[Date "2022.03.22"]
[Round "1"]
[White "Ruperez Benito, Antonio"]
[Black "Zemerov, Vladimir"]
[Result "1/2-1/2"]
[WhiteElo "2338"]
[BlackElo "2268"]
[PlyCount "62"]
[EventDate "2022.03.22"]
[EventType "swiss (blitz)"]
[EventRounds "11"]
[EventCountry "USA"]
[SourceTitle "CBM 207 Extra"]
[Source "ChessBase"]
[SourceDate "2022.05.31"]
[SourceVersion "1"]
[SourceVersionDate "2022.05.31"]
[SourceQuality "1"]

1. e4 Nc6 2. Nf3 d5 3. e5 Bg4 4. Bb5 Qd7 5. h3 Bxf3 6. Qxf3 e6 7. 0-0 a6 8. Bxc6 Qxc6 9. c3 Ne7 10. d4 Qb6 11. Nd2 c5 12. Nb3 Nf5 13. dxc5 Bxc5 14. Nxc5 Qxc5 15. g4 Nh4 16. Qg3 Qe7 17. f4 h5 18. f5 hxg4 19. hxg4 0-0-0 20. Be3 Kb8 21. f6 Qf8 22. Bg5 Ng6 23. fxg7 Qxg7 24. Bf6 Qh7 25. Bxh8 Rxh8 26. Qg2 Qh6 27. Rxf7 Qe3+ 28. Qf2 Qh3 29. Qg2 Qe3+ 30. Qf2 Qh3 31. Qg2 Qe3+ 1/2-1/2

[Event "Titled Tuesday intern op 08th Mar Early"]
[Site "Chess.com INT"]
[Date "2022.03.08"]
[Round "1"]
[White "Gatterer, Florian"]
[Black "Ruperez Benito, Antonio"]
[Result "0-1"]
[WhiteElo "2165"]
[BlackElo "2338"]
[PlyCount "58"]
[EventDate "2022.03.08"]
[EventType "swiss (blitz)"]
[EventRounds "11"]
[EventCountry "USA"]
[SourceTitle "CBM 207 Extra"]
[Source "ChessBase"]
[SourceDate "2022.05.31"]
[SourceVersion "1"]
[SourceVersionDate "2022.05.31"]
[SourceQuality "1"]

1. b3 e5 2. Bb2 Nc6 3. e3 d5 4. Bb5 Bd6 5. f4 Qh4+ 6. g3 Qe7 7. fxe5 Bxe5 8. Nc3 Nf6 9. Nf3 Bd6 10. 0-0 0-0 11. Ne2 Bh3 12. Re1 Bg4 13. Rf1 Ne5 14. Nxe5 Bxe5 15. Bxe5 Qxe5 16. Qe1 c6 17. Bd3 Bh3 18. Rf4 g5 19. Rf3 Ne4 20. Nd4 c5 21. Ne2 f5 22. Nc3 Rae8 23. Nxd5 Kg7 24. Nc3 a6 25. Bxe4 fxe4 26. Rxf8 Rxf8 27. Qe2 Qf5 28. Re1 Bg4 29. Qf1 Qd7 0-1

[Event "Titled Tuesday intern op 15th Feb Early"]
[Site "Chess.com INT"]
[Date "2022.02.15"]
[Round "6"]
[White "Batsiashvili, Nino"]
[Black "Ruperez Benito, Antonio"]
[Result "0-1"]
[WhiteElo "2491"]
[BlackElo "2322"]
[PlyCount "66"]
[EventDate "2022.02.15"]
[EventType "swiss (blitz)"]
[EventRounds "11"]
[EventCountry "USA"]
[SourceTitle "CBM 206 Extra"]
[Source "ChessBase"]
[SourceDate "2022.03.31"]
[SourceVersion "1"]
[SourceVersionDate "2022.03.31"]
[SourceQuality "1"]

1. d4 Nf6 2. c4 e6 3. Nc3 Bb4 4. Nf3 0-0 5. Bg5 d5 6. e3 b6 7. cxd5 exd5 8. Bd3 c5 9. 0-0 h6 10. Bxf6 gxf6 11. dxc5 Bxc3 12. bxc3 bxc5 13. c4 f5 14. Ne5 Qf6 15. f4 Nc6 16. Qh5 Nxe5 17. fxe5 Qxe5 18. Qxh6 dxc4 19. Bxf5 Qg7 20. Qxg7+ Kxg7 21. Rac1 Ba6 22. g4 Rfe8 23. Kf2 Rab8 24. Rfe1 Rb2+ 25. Re2 Rh8 26. Rh1 c3 27. Rxb2 cxb2 28. h4 Rd8 29. h5 Rd2+ 30. Kg3 c4 31. h6+ Kh8 32. Rh5 c3 33. Rg5 Bd3 0-1

[Event "Titled Tuesday intern op 25th Jan"]
[Site "Chess.com INT"]
[Date "2022.01.25"]
[Round "2"]
[White "Cremisi, Daniel Josef"]
[Black "Ruperez Benito, Antonio"]
[Result "0-1"]
[WhiteElo "2143"]
[BlackElo "2322"]
[PlyCount "84"]
[EventDate "2022.01.25"]
[EventType "swiss (blitz)"]
[EventRounds "11"]
[EventCountry "USA"]
[SourceTitle "CBM 206 Extra"]
[Source "ChessBase"]
[SourceDate "2022.03.31"]
[SourceVersion "1"]
[SourceVersionDate "2022.03.31"]
[SourceQuality "1"]

1. d4 Nf6 2. c4 e6 3. Nf3 d5 4. Nc3 Be7 5. cxd5 exd5 6. Bg5 0-0 7. e3 c6 8. Bd3 h6 9. Bh4 Re8 10. Qc2 Ne4 11. Bxe7 Qxe7 12. 0-0 Nd7 13. Nd2 Ndf6 14. Rae1 Bf5 15. Re2 Nxc3 16. bxc3 Bxd3 17. Qxd3 b5 18. Nb3 a5 19. Nc5 Nd7 20. Nxd7 Qxd7 21. f3 b4 22. cxb4 axb4 23. Rb2 Ra3 24. Rb3 Rxa2 25. Rxb4 g6 26. e4 Qe7 27. Qb3 Rd2 28. e5 c5 29. Rb7 Qg5 30. g3 Rxd4 31. f4 Qf5 32. Rb8 Rxb8 33. Qxb8+ Kg7 34. Qd6 c4 35. Ra1 c3 36. Qc6 c2 37. g4 Rd1+ 38. Kf2 Qxf4+ 39. Ke2 Qxg4+ 40. Ke3 Qg5+ 41. Ke2 Rxa1 42. Qxc2 Qg2+ 0-1

[Event "Titled Tuesday intern op 25th Jan"]
[Site "Chess.com INT"]
[Date "2022.01.25"]
[Round "10"]
[White "Odegov, Artem"]
[Black "Ruperez Benito, Antonio"]
[Result "1-0"]
[WhiteElo "2286"]
[BlackElo "2322"]
[PlyCount "113"]
[EventDate "2022.01.25"]
[EventType "swiss (blitz)"]
[EventRounds "11"]
[EventCountry "USA"]
[SourceTitle "CBM 206 Extra"]
[Source "ChessBase"]
[SourceDate "2022.03.31"]
[SourceVersion "1"]
[SourceVersionDate "2022.03.31"]
[SourceQuality "1"]

1. d4 Nf6 2. c4 e6 3. Nf3 d5 4. Nc3 Bb4 5. Bg5 0-0 6. e3 c5 7. Be2 cxd4 8. exd4 h6 9. Bxf6 Qxf6 10. 0-0 dxc4 11. Bxc4 Nc6 12. Ne4 Qf4 13. Qc2 Rd8 14. Rad1 Be7 15. Rfe1 a6 16. a3 b5 17. Bxb5 axb5 18. Qxc6 Rb8 19. Ne5 Bb7 20. Qc7 Bxe4 21. Qxe7 Bd5 22. Re3 Re8 23. Qb4 f6 24. Nd7 Qg4 25. f3 Qg5 26. Qd2 Rbd8 27. Nc5 h5 28. Rde1 h4 29. Qf2 h3 30. g3 Rd6 31. f4 Qg4 32. R3e2 Rc8 33. b4 Ra8 34. Re3 Rb6 35. Qe2 Qf5 36. Qd3 Qg4 37. Qd1 Qf5 38. Qb1 Qg4 39. Qd3 Rd6 40. Qxb5 Bc6 41. Qc4 Rad8 42. Qe2 Qf5 43. Nxe6 Re8 44. Nxg7 Rxe3 45. Nxf5 Rxe2 46. Rxe2 Rd5 47. Ne7+ Kf7 48. Nxd5 Bxd5 49. Rc2 Be4 50. Rc7+ Ke6 51. Rc5 f5 52. Kf2 Bd5 53. Ke3 Be4 54. Re5+ Kd6 55. Rxe4 fxe4 56. Kxe4 Ke6 57. d5+ 1-0

[Event "Titled Tuesday intern op 25th Jan"]
[Site "Chess.com INT"]
[Date "2022.01.25"]
[Round "8"]
[White "Ruperez Benito, Antonio"]
[Black "Iskusnyh, Sergei"]
[Result "0-1"]
[WhiteElo "2322"]
[BlackElo "2473"]
[PlyCount "154"]
[EventDate "2022.01.25"]
[EventType "swiss (blitz)"]
[EventRounds "11"]
[EventCountry "USA"]
[SourceTitle "CBM 206 Extra"]
[Source "ChessBase"]
[SourceDate "2022.03.31"]
[SourceVersion "1"]
[SourceVersionDate "2022.03.31"]
[SourceQuality "1"]

1. d4 d5 2. c4 c6 3. Nf3 Nf6 4. Nc3 e6 5. Bg5 Be7 6. e3 h6 7. Bh4 Nbd7 8. Rc1 0-0 9. h3 a6 10. c5 b6 11. cxb6 Qxb6 12. Qc2 c5 13. Be2 cxd4 14. Nxd4 Bb7 15. 0-0 Rfc8 16. Qb3 Bc5 17. Rfd1 Bxd4 18. exd4 Qxb3 19. axb3 Bc6 20. Na4 Bb5 21. Bxb5 axb5 22. Nc5 Nxc5 23. Rxc5 Ne4 24. Rxc8+ Rxc8 25. f3 Nd6 26. Rd2 Nf5 27. Bf2 Rc1+ 28. Kh2 g5 29. g4 Ne7 30. Bg3 Nc6 31. h4 Kg7 32. hxg5 hxg5 33. Bf2 Nb4 34. Be3 Kg6 35. Kg2 Rc2 36. Kf2 Rxd2+ 37. Bxd2 Nc6 38. Ke3 f5 39. Bc3 f4+ 40. Kd3 Kf6 41. Be1 e5 42. Bc3 Ke6 43. dxe5 Nxe5+ 44. Bxe5 Kxe5 45. Ke2 Kd4 46. Kd2 Kc5 47. Kc3 d4+ 48. Kd3 Kb4 49. Kxd4 Kxb3 50. Kc5 Kxb2 51. Kxb5 Kc3 52. Kc5 Kd3 53. Kd5 Ke3 54. Ke5 Kxf3 55. Kf5 Ke3 56. Kxg5 f3 57. Kh6 f2 58. g5 f1Q 59. g6 Qh3+ 60. Kg7 Qf5 61. Kh6 Qf6 62. Kh7 Qh4+ 63. Kg8 Qd8+ 64. Kh7 Qd3 65. Kh6 Qf5 66. g7 Qf7 67. Kh7 Ke4 68. Kh8 Qh5+ 69. Kg8 Ke5 70. Kf8 Qf5+ 71. Ke8 Qg6+ 72. Kf8 Qf6+ 73. Kg8 Ke6 74. Kh7 Qf5+ 75. Kh8 Qh5+ 76. Kg8 Kf6 77. Kf8 Qf7# 0-1

[Event "Zaragoza Rey Ardid 2nd"]
[Site "Zaragoza"]
[Date "2021.07.02"]
[Round "7"]
[White "Ruperez Benito, Antonio"]
[Black "Panelo Munoz, Marcelo A"]
[Result "1/2-1/2"]
[WhiteElo "2363"]
[BlackElo "2378"]
[PlyCount "29"]
[EventDate "2021.06.28"]
[EventType "tourn"]
[EventRounds "9"]
[EventCountry "ESP"]
[EventCategory "4"]
[SourceTitle "CBM 203 Extra"]
[Source "ChessBase"]
[SourceDate "2021.09.30"]
[SourceVersion "1"]
[SourceVersionDate "2021.09.30"]
[SourceQuality "1"]

1. e4 c5 2. Nf3 d6 3. Bb5+ Bd7 4. Bxd7+ Qxd7 5. c4 Nf6 6. Nc3 g6 7. d4 cxd4 8. Nxd4 Bg7 9. f3 0-0 10. Be3 Rc8 11. b3 Nc6 12. Qd2 a6 13. a4 e6 14. Rd1 d5 15. exd5 1/2-1/2